000 00786nam a2200217Ia 4500
001 2888
003 GE_BSU
008 181216s||||||||xx |||||||||||||| ||und||
020 _a5858730272
040 _cGE_BSU
080 _a658.45(075.8)
245 _aЭкономика предприятия
245 _cПод редакцией академика Max Bill. Доктора экономических наук, проф. Б.М.Семенова. главный ред. серии канд. экон. наук: А. И Ковалев.
260 _aМосква
260 _bцентр экономики и маркетинга
260 _c1998
300 _a312. с 20. см
541 _h6 л. 10 т.
653 _aЭкономика предприятия
942 _cBK
999 _c36937
_d36937